000 00640cam a2200217 a 4500
001 14552448
005 20240305022830.0
008 060915s2005 ce bs 000 0 eng
020 _a9556070435
040 _aDLC
_cDLC
_dDLC
082 _222
_a323,34
_bAro.
100 1 _aAdikaram, Arosha S.
245 1 0 _aIs sexual harassment a problem at Sri Lankan workplaces? /
_cby Arosha S. Adikaram.
260 _aColombo :
_bFriedrich Ebert Stiftung,
_c2005.
300 _axvii, 194 p. ;
490 0 _aSLFI/FES research paper ;
490 0 _aFES publication ;
650 0 _aSexual harassment of women
650 0 _aWomen employees
942 _cL
999 _c544
_d544